Dôležitý je úprimný vzťah k chovu včiel

Bibliographic Details
Main Author: Hovorka, Pavel, z. 2009 (Author, Interviewer)
Format: Article
Language:Slovak
PhysicalDescription:Fotogr.
ISSN:0139-6064
Subjects:

MARC

LEADER 00000nab a2200000 a 4500
001 vtls009094083
003 SK-MaSNL
005 20260426084658.0
008 250506c2007 xo |||||||||||000 b|slo
015 |a SNBRB2007/09  |2 snkbucl 
035 |a (uuid)3d4023de-5b73-4ccc-94f4-966b9a21d4db 
035 |a urn:nbn:sk:snk-abdr7l 
035 |a (urnnbn)urn:nbn:sk:snk:ar-003ajh 
038 |a SNKBUCL 
040 |a SNKBUCL  |b slo  |c SNKBUCL  |e AACR2 
041 0 |a slo 
044 |a xo  |c SK 
080 |a 638.1  |x (437.6)  |2 1997 
100 1 |a Hovorka, Pavel,  |d z. 2009  |4 ivr  |4 aut  |9 9477 
245 1 0 |a Dôležitý je úprimný vzťah k chovu včiel  |c Pavel Hovorka, Ján Pliešovský 
300 |b Fotogr. 
650 0 7 |a včelárstvo  |2 snkbucl  |9 3997 
651 7 |a Slovensko  |2 snkbucl  |9 14231 
700 1 |a Pliešovský, Ján  |4 ive  |9 389096 
773 0 |t Včelár  |g Roč. LXXXI, č. 8 (2007), s. 113  |x 0139-6064 
850 |a Slovenská národná knižnica 
852 |a Slovenská národná knižnica 
954 |a odborná, vedecká literatúra pôvodná (slovenská)  |2 lita 
958 |a article19 
958 |a OND 
958 |a SK 
958 |a EUIPO 
999 |c 2941309  |d 2943239